Các thể thơ Lục bát - song thất lục bát - hát nói - Đường thi

שמור ב:
מידע ביבליוגרפי
מחבר ראשי: Nguyễn Phan Minh
פורמט: ספר
שפה:Undetermined
יצא לאור: Sài Gòn Gia Định 1966
נושאים:
תגים: הוספת תג
אין תגיות, היה/י הראשונ/ה לתייג את הרשומה!
Thư viện lưu trữ: Trung tâm Học liệu Trường Đại học Cần Thơ
LEADER 00564nam a2200181Ia 4500
001 CTU_11052
008 210402s9999 xx 000 0 und d
082 |a 801.951 
082 |b M312c 
100 |a Nguyễn Phan Minh 
245 0 |a Các thể thơ 
245 0 |b Lục bát - song thất lục bát - hát nói - Đường thi 
245 0 |c Nguyễn Phan Minh 
260 |a Sài Gòn 
260 |b Gia Định 
260 |c 1966 
650 |a vietnamese poetry - history and criticism 
980 |a Trung tâm Học liệu Trường Đại học Cần Thơ